000 00529cam a2200205ua 4500
001 3939
005 20260515113746.0
008 111220n ii |||gr||||Z||||||asm
020 _a81-7331-048-3
040 _cMAIN
082 _a891.4511
100 _aAhmed, Khabir,
245 1 1 _aMrittyur birooddhey pratham pratibad
_cby Khabir Ahmed
250 _a1st.
260 _aGuwahati:
_bLawyers book stall,994.
300 _a56p:
_c23cm.
653 _aAssamese poem
653 _aMrittyur birooddhey pratham pratibad
942 _cBK
999 _c3759
_d3759